Missing Word: Songs in the City III Quiz Stats

 Plays Quiz Updated Nov 22, 2015

Challenge
Share
Tweet
Embed
Score 0/16 Timer 03:00
0 Plays Today
Song City % Correct
Cemeteries of _____ London
79.9%
_____ (Not Constantinople) Istanbul
71.6%
Bombs Over _____ (B.O.B.) Baghdad
52.1%
I'm Throwing My Arms Around ____ Paris
47.7%
Woman from _____ Tokyo
44.9%
Night Boat to _____ Cairo
25.9%
Goodnight _____ Saigon
24.8%
_____ Express Marrakesh
21.5%
Song City % Correct
Going Down To _____ Liverpool
14.3%
Loco in _____ Acapulco
14.2%
_____ Garden Hong Kong
13.7%
_____ Rock Brighton
11.2%
'Christmas Eve/_____ 12/24 Sarajevo
10.7%
Coming Up' (Live At _____) Glasgow
8.8%
Runnin' Back to _____ Saskatoon
5.9%
Goodbye ____ Copenhagen
5.2%

Today's Daily Dose

You're not logged in!

Compare scores with friends on all Sporcle quizzes.
OR
Log In

You Might Also Like...

Show Comments

Extras

Top Quizzes Today


Score Distribution

Your Account Isn't Verified!

In order to create a playlist on Sporcle, you need to verify the email address you used during registration. Go to your Sporcle Settings to finish the process.

Report this User

Report this user for behavior that violates our Community Guidelines.

Details: